00933naa a22002057i 4500001000700000003000900007005001700016008004100033040001300074100003600087245023500123504004100358610004100399610004500440650002100485650002300506650003600529655001900565773014300584232805ES-MaBCM20260406123958.0260406s2026 sp ||||| |||| 00| 0 spa d cES-MaBCM1 aCairós Barreto, Dulce María13aLa construcción del derecho humano a un medio ambiente limpio, saludable y sostenible en la jurisprudencia del Tribunal Europeo de Derechos Humanos y de la Corte Interamericana de Derechos HumanoscDulce María Cairós Barreto aIncluye referencias bibliográficas27aTribunal Europeo de Derechos Humanos27aCorte Interamericana de Derechos Humanos 7aDerechos humanos 7aCalidad de la vida 7aProtección del medio ambiente 4aJurisprudencia0 dLas Rozas, MadridgN. 134 (marzo 2026) - Loc. En líneatTrabajo y Derecho : nueva revista de actualidad y relaciones laborales w198687